Patronato del Instituto Musical Academia Ardévol : ciclo de cinco conciertos eclécticos ciclo de cinco conciertos eclécticos
Descripción Física:
[16] p. ; 21 cm
Otros Autores:
Patronato del Instituto Musical Academia Ardévol
Materias:
Concerts (Execució musical) -- Programes
MARC
| LEADER | 00000nam a2200000Ia 4500 | ||
|---|---|---|---|
| 001 | 16545 | ||
| 008 | 160829s1927 xx 000 0 cat d | ||
| 080 | |a Q-279, exp. 64 | ||
| 245 | |a Patronato del Instituto Musical Academia Ardévol : |b ciclo de cinco conciertos eclécticos | ||
| 260 | |a Barcelona : |b [s.n.], |c 1927 | ||
| 300 | |a [16] p. ; |c 21 cm | ||
| 650 | |a Concerts (Execució musical) |x Programes |9 43539 | ||
| 700 | |a Patronato del Instituto Musical Academia Ardévol |9 48186 | ||
| 901 | |a Arxiu | ||
| 942 | |n 1 | ||
| 952 | |0 0 |1 0 |4 0 |6 Q279_EXP_64 |7 1 |9 54372 |a Arxiu |b Arxiu |d 2016-12-01 |l 0 |o Q-279, exp. 64 |p 16545 |r 2016-12-01 00:00:00 |w 2016-12-01 |y ARXIU | ||
| 999 | |c 58241 |d 58241 | ||